NLSUI OPAC header image

Goyle's law of easements & licences / (Record no. 217906)

MARC details
000 -LEADER
fixed length control field 01709nam a22002177a 4500
005 - DATE AND TIME OF LATEST TRANSACTION
control field 20260330170330.0
008 - FIXED-LENGTH DATA ELEMENTS--GENERAL INFORMATION
fixed length control field 260330b |||||||| |||| 00| 0 eng d
020 ## - INTERNATIONAL STANDARD BOOK NUMBER
International Standard Book Number 9788197258343 (hbk)
082 ## - DEWEY DECIMAL CLASSIFICATION NUMBER
Classification number 346.0435 GOY
100 ## - MAIN ENTRY--PERSONAL NAME
Personal name Bhattacharyya, Purnendu
245 ## - TITLE STATEMENT
Title Goyle's law of easements & licences /
Statement of responsibility, etc. Purnendu Bhattacharyya
250 ## - EDITION STATEMENT
Edition statement 5th ed.
260 ## - PUBLICATION, DISTRIBUTION, ETC.
Place of publication, distribution, etc. Kolkata ;
Name of publisher, distributor, etc. Eastern Law House,
Date of publication, distribution, etc. 2024.
300 ## - PHYSICAL DESCRIPTION
Extent 469 p. ;
Dimensions 22 cm.
365 ## - TRADE PRICE
Price amount Rs. 1450.00
505 ## - FORMATTED CONTENTS NOTE
Formatted contents note Part 1 – Easements: <br/>Chapter 1. Introduction: <br/>Chapter 2. Of Easements Generally -<br/>Chapter 3. Imposition, Acquisition and Transfer of easement –<br/>Chapter 4. Incidents of Easements -<br/>Chapter 5. Disturbance of Easements -<br/>Chapter 6. Extinction, Suspension and Revival of Easements -<br/>Part 2 – Licences: <br/>Chapter 7. Licences - General Survey –<br/>Chapter 8. Grant of Licences –<br/>Chapter 9. Revocation of licences –<br/>Appendices:<br/>Appendix –<br/>1 The Indian Easements Act, 1882 -<br/>2 The Specific Relief Act, 1963 -<br/>3 The Code of Civil Procedure, 1908 -<br/>4 The Limitation Act, 1963 -<br/>5 The Code of Criminal Procedure, 1973 -<br/>6 The Transfer of Property Act, 1882 -<br/>Index.<br/>
520 ## - SUMMARY, ETC.
Summary, etc. The outstanding work provides all the ingredients of easement such as kinds of easements, characteristic of easement, quasi-easement and customary right, profit a prendre, imposition and acquisition, general survey of licences, grant and revocation of licences, right to pollution-free water, right to light & air, right to privacy, right to pathway, common well, party wall, acquisition, as well as types of licences, grant and revocation of licences.
650 ## - SUBJECT ADDED ENTRY--TOPICAL TERM
Topical term or geographic name entry element Licences
650 ## - SUBJECT ADDED ENTRY--TOPICAL TERM
Topical term or geographic name entry element Easements
942 ## - ADDED ENTRY ELEMENTS (KOHA)
Source of classification or shelving scheme Dewey Decimal Classification
Koha item type BOOKs
Holdings
Withdrawn status Lost status Source of classification or shelving scheme Materials specified (bound volume or other part) Damaged status Not for loan Home library Current library Shelving location Date acquired Cost, normal purchase price Total Checkouts Full call number Barcode Date last seen Price effective from Koha item type Public note
    Dewey Decimal Classification HB   Not For Loan . . Circulation Counter 30.03.2026 1450.00   346.0435 GOY 40770 30.03.2026 30.03.2026 BOOKs Recommended by Dr. Jasmin Joseph & Others